01575nam a2200277 a 4500001001000000005001700010008004100027041000800068044000700076084002100083100004500104245007000149260003100219300002900250500020300279500025000482500023300732500001000965546002500975650005201000650005601052650003401108650004501142700006001187740005001247BRCA_311020190320204121.0290109s1847----fr-a---###---#000-0dfre-u afre afr a416b.L448c18471 aCervantes Saavedra, Miguel ded1547-161610aAventures de Don Quichotte de la Manchecpar Michel de Cervantes. aParísbP.C. Lehubyc1847 axii, 477 p.bil.c22 cm. aContenido : Primera parte. Advertencia del editor. Noticia historica y literaria sobre Cervantes. Texto. Segunda parte. Texto. Tercera parte (continuación del Quijote por Filleau de Saint-Martin) aEdición : Edition revue et corrigée par l´Abb, Lejeune, chanoine, Professeur a la faculté de théologie de roven illustrée de 20 grands dessins par M.M. Célestin Nanteuil, Bouchot et Demoraine. Nouvelle edition et nouvelle traduction aReimpresión de la edición publicada por el mismo editor en 1844, con el texto revisado, corregido y reformado por Lejeune, sin cambios relevantes. Tela; lomo y planos decorados con motivos quijotiles dorados Lúdovik Osterc aQM342 aTexto en : francés14aNovela españolayÉpoca clásica, 1500-170014aLiteratura españolayÉpoca clásica, 1500-170014aNovela españolaySiglo XVII14aDon Quijote (Personaje ficticio)eNovela1 aSaint-Martin, Francois Filleau ded1632-1695eTraductor0 aEl Ingenioso Hidalgo Don Quijote de la Mancha